|
|
|
|
| LEADER |
01266nam a2200349 a 4500 |
| 001 |
39126 |
| 003 |
BD-DhAAL |
| 005 |
20220718105738.0 |
| 008 |
220718t1991 ii b 001 0 eng d |
| 999 |
|
|
|c 44583
|d 44583
|
| 010 |
|
|
|a 89905928
|
| 020 |
|
|
|a 0140154574
|
| 020 |
|
|
|a 9780140154573
|
| 020 |
|
|
|a 8170010500 :
|c Rs230.00
|
| 025 |
|
|
|a I E 60797
|
| 040 |
|
|
|a DLC
|c DLC
|d DLC
|d BD-DhAAL
|
| 043 |
|
|
|a a-ii---
|
| 050 |
0 |
0 |
|a DS479
|b .C447 1989
|
| 082 |
0 |
0 |
|a 320.954
|2 20
|
| 100 |
1 |
|
|a Chakravarty, Suhash.
|9 49934
|
| 245 |
1 |
4 |
|a The Raj syndrome :
|b a study in imperial perceptions /
|c Suhash Chakravarty.
|
| 260 |
|
|
|a Delhi :
|b Chanakya Publications,
|c 1991.
|
| 300 |
|
|
|a 296 pages ;
|c 23 cm.
|
| 500 |
|
|
|a Covers the period, 1875-1947.
|
| 504 |
|
|
|a Includes bibliographical references.
|
| 541 |
|
|
|a Donated By Akbar Ali Khan
|e 39126
|
| 650 |
|
0 |
|a Imperialism.
|9 49935
|
| 651 |
|
0 |
|a India
|x Politics and government
|y 1857-1919.
|9 49936
|
| 651 |
|
0 |
|a India
|x Politics and government
|y 1919-1947.
|9 49937
|
| 852 |
|
|
|a Ayesha Abed Library
|c Akbar Ali Khan Collection
|
| 942 |
|
|
|2 ddc
|c BK
|
| 952 |
|
|
|0 0
|1 0
|2 ddc
|4 0
|6 320_954000000000000_CHA
|7 1
|9 71238
|a BRACUL
|b BRACUL
|c AAKC
|d 2022-07-18
|e Donated by Akbar Ali Khan
|l 0
|o 320.954 CHA
|p 3010039126
|r 2022-07-18
|t 1
|w 2022-07-18
|y BK
|